000 00877nam a2200193 i 4500
001 20865
003 ES-MaACL
005 20250715193502.0
007 t|
008 021119s1949 ve |||| | spa d
245 0 0 _aActo académico para rendir tributo a la memoria de S.S. Papa Paulo III, fundador de la universidad, en ocasión del 400º aniversario de su muerte.
260 _a[S.l. :
_bs.n.,
_c1949] (
_eTrujillo-Tallas :
_fTip. Virgilio Montalvo)
300 _a37 p., 4 lám. ;
_c24 cm.
505 8 _aContiene: ;
_tRecuerdo y homenaje a Paulo III: discurso-apertura del señor Rector de la universidad, Lic. Rafael F. Bonnelly ;
_tEl Concilio de Trento y nuestro tiempo: conferencia del Excmo. Sr. D. Manuel Aznar
700 1 _aBonnelly, F.
_930248
700 1 _aAznar Zubigaray, Manuel,
_d1894-1975
_924321
852 _aES-MaACL
_j1927-F-23
999 _c20865
_d20865